Estadísticas para Países con 'Land'

Haz click aquí para tomar la prueba!

Estadísticas generales

  • Esta prueba ha sido tomada 2,154 veces
  • La puntuación promedio es 4 de 6

Estadísticas de respuestas

País % Correcto
Islandia
88%
Finlandia
77%
Irlanda
70%
Suazilandia
66%
Tailandia
58%
Nueva Zelanda
52%

Distribución de puntuación

Porcentaje por número respondido

Porcentaje de gente con cada puntuación

Historial de tus puntuaciones

No has tomado esta prueba